000 00547nam a2200217Ia 4500
005 20240408151848.0
008 131103s9999 xx 000 0 und d
020 _a8125916156
040 _aLoreto College
041 _aEnglish
082 _a370.1
_bAGG
100 _aAggarwal, J.C.
245 _aTeacher and Education in a Developing Society
_cJ.C.Aggarwal
250 _a4th ed.
260 _aNew Delhi
_bVikas pub.
_c2004
300 _aix,572p.
504 _aIncludes index
650 _aEducation
850 _aLCBED
942 _cBK
999 _c26235
_d76714